| 000 | 00528nam a2200181Ia 4500 | ||
|---|---|---|---|
| 005 | 20250317125718.0 | ||
| 008 | 008 250317s9999 xx 000 0 eng d | ||
| 037 | _aTextbook | ||
| 040 |
_aFMSL _beng _cFMSL |
||
| 041 |
_aeng _2eng |
||
| 084 | _qFMSL | ||
| 100 |
_aGane Chris _9127015 |
||
| 245 | 0 | _aRapid system development : Using structured techniques and Relational techonology | |
| 260 |
_aEnglewood _bEnglewood, Prentice-Hall _c1989 |
||
| 300 | _a206p | ||
| 942 | _cTB | ||
| 999 |
_c1260627 _d1260627 |
||